000 00837nam a2200217 i 4500
001 172467
003 ES-MaACL
005 20230906214926.0
008 090708s1969 gw |||| | fre d
080 _a1 Leibniz, Gottfried Wilhelm, Freiherr von
080 _a161/162
100 1 _aCouturat, Louis.
_941332
245 1 0 _aLa logique de Leibniz
_b: d'après des documents inédits /
_cpar Louis Couturat.
260 _aHildesheim :
_bGeorg Olms,
_c1969.
300 _aXIV, 608 p. ;
_c24 cm.
500 _a"Unveränd. reprograf. Nachdr. d. Ausg. Paris 1901."
504 _aIncluye referencias bibliográficas e índices.
600 1 4 _aLeibniz, Gottfried Wilhelm
_cFreiherr von-
_xCrítica e interpretación.
_971369
650 4 _aLógica.
_914693
852 _aES-MaACL
_jE-12778
_9R.139411
_z.- Biblioteca Jacinto Martínez Lacalle
999 _c172467
_d172467